000
00304nam a22001337a 4500
008
170301b xxu||||| |||| 00| 0 eng d
020
_a
0894438506
041
_a
eng
080
_a
61
100
_a
4
101
_a
SHM
245
_a
EPIDEMILOGY IN HEALTTH SERVICE MENAGMENT
_c
DEVER.A.G.E
942
_2
udc
_c
BK
999
_c
6461
_d
6461